000 00628nam a2200205Ii 4500
003 JO-AjNU
008 230605s9999||||xx |||||||||||||| ||und||
017 _a1978/584
040 _aJO-AjNU
_bara
_erda
_cJO-AjNU
041 _aara
050 1 4 _aBP130.4.A54 1978
100 3 _aالعاني، عبد القهار داود,
_eauthor
_918516
245 0 0 _aدراسات في التفسير والمقسرين
264 3 1 _aد.م: د.ن، 1978
300 _a238ص
336 _atext
_btxt
_2rdacontent
337 _aunmediated
_bn
_2rdamedia
338 _avolume
_bnc
_2rdacarrier
650 4 _aقران كريم - تفسير
_918517
999 _aA5936
_c9504
_d9504